| 000 | 03303nam0a22005171 4500 | ||
|---|---|---|---|
| 001 | rc\3061274 | ||
| 005 | 20260406111016.0 | ||
| 035 | _a(NLR Aleph) 009035797 | ||
| 090 |
_a9518932 _c9518932 |
||
| 100 | _a20111012d1936 |||y0rusy50 ca | ||
| 101 | 1 |
_arus _clat |
|
| 102 | _aRU | ||
| 105 | _aabc z ||||| | ||
| 135 |
_acocn 300apabp _acrcn 024aaada |
||
| 200 | 1 |
_aПлавания Баренца (Diarium nauticum) _e1594-1597 _fГ. Де-Фер _gпер. с лат. проф. А.И. Малеина _gпод ред. проф. В.Ю. Визе _g[супер-обл., переплет, форзац и граф. оформление: М.А. Таранов] |
|
| 210 |
_aЛенинград _cИзд-во Главсевморпути _d1936 _eЛенинград _gтип. им. Лоханкова |
||
| 215 |
_aСупер-обл., переплет, 308 с., [5] вкл. л. ил., портр., карт. _cил., портр., карт. _d22х16 |
||
| 225 | 1 | _aПолярная библиотека | |
| 300 | _aНа супер-обл. и переплете автор не указан | ||
| 300 | _aЗагл. и авт. ориг.: Diarium nauticum / De Veer. Amstelredami, 1598 | ||
| 300 | _aНа супер-обл. загл.: "Diarium nauticum. Плавания Баренца" | ||
| 325 | _aКопия доступна в Электрон. б-ке РНБ http://vivaldi.nlr.ru/bx000023213/view | ||
| 454 | 1 |
_12001#$aDiarium nauticum$fDe Veer _1210##$aAmstelredami$d1598 _1700#1$3RU\NLR\AUTH\77124961$8lat$7ba$aVeer$bG. de$f1570-ок.1598$gGerrit de _tDiarium nauticum _aVeer, Gerrit de (1570-ок.1598) |
|
| 512 | 0 | 0 | _aDiarium nauticum. Плавания Баренца |
| 600 | 1 |
_aБаренц _bВ. _f1550 - 1597 _gВиллем _xЭкспедиции _z1594 - 1597 _91192698 _3RU\NLR\AUTH\66163782 |
|
| 617 |
_mСеверный Ледовитый океан _mБаренцево море _mМедвежий, остров |
||
| 617 |
_mСеверный Ледовитый океан _mШпицберген, архипелаг |
||
| 617 |
_mСеверный Ледовитый океан _mНовая Земля, острова |
||
| 617 |
_aСеверный Ледовитый океан _mВайгач, остров |
||
| 617 |
_mСеверный Ледовитый океан _mБелое море |
||
| 617 |
_aРоссия _mЕвропейская часть _mСеверо-Запад _mКольский полуостров |
||
| 686 | _aД8д(3)Баренц | ||
| 700 | 1 |
_8rus _7ca _aВейр _bХ. де _f1570-ок.1598 _gХеррит де _3RU\NLR\AUTH\77104297 _987222 |
|
| 702 | 1 |
_4730 _8rus _7ca _aМалеин _bА. И. _f1869-1938 _gАлександр Иустинович _3RU\NLR\AUTH\7792587 _975514 |
|
| 702 | 1 |
_4340 _8rus _7ca _aВизе _bВ. Ю. _f1886-1954 _gВладимир Юльевич _3RU\NLR\AUTH\77115637 _998562 |
|
| 702 | 1 |
_4570 _8rus _7ca _aТаранов _bМ. А. _f1909-1973 _gМихаил Афанасьевич _3RU\NLR\AUTH\77123431 _9106356 |
|
| 801 | 0 |
_aRU _bNLR _gpsbo |
|
| 801 | 1 |
_aRU _bELAR _2rusmarc |
|
| 801 | 2 |
_aRU _bNLR _c20130726 _2rusmarc |
|
| 852 |
_aNLR _j36-4/852 |
||
| 942 | _cBOOK | ||
| 980 | _aNB | ||
| 981 | 2 | 2 | _a(22) Материалы по истории России |
| 981 | 4 | 0 | _a(40) Баренц-регион |